Reformas económicas : (Registro nro. 7489)
[ vista simple ]
| 000 -LEADER | |
|---|---|
| fixed length control field | 01063nam a2200265 a 4500 |
| 001 - CONTROL NUMBER | |
| control field | 2565080 |
| 003 - CONTROL NUMBER IDENTIFIER | |
| control field | OSt |
| 005 - DATE AND TIME OF LATEST TRANSACTION | |
| control field | 20210308122250.0 |
| 008 - FIXED-LENGTH DATA ELEMENTS--GENERAL INFORMATION | |
| fixed length control field | 950201s1994 ck bl f001 0 spa |
| 040 ## - CATALOGING SOURCE | |
| Original cataloging agency | DLC |
| Transcribing agency | CO-JMCR |
| 041 0# - LANGUAGE CODE | |
| Language code of text/sound track or separate title | spa |
| 043 ## - GEOGRAPHIC AREA CODE | |
| Geographic area code | s-ck--- |
| 082 04 - DEWEY DECIMAL CLASSIFICATION NUMBER | |
| Classification number | 343.03 / |
| Item number | C718r |
| Edition number | 23 |
| 110 1# - MAIN ENTRY--CORPORATE NAME | |
| Corporate name or jurisdiction name as entry element | Colombia. |
| Subordinate unit | Ministerio de Hacienda y Crédito Público |
| 9 (RLIN) | 7620 |
| 245 10 - TITLE STATEMENT | |
| Title | Reformas económicas : |
| Remainder of title | administración Gaviría / |
| Statement of responsibility, etc. | República de Colombia. |
| 260 ## - PUBLICATION, DISTRIBUTION, ETC. | |
| Place of publication, distribution, etc. | Colombia : |
| Name of publisher, distributor, etc. | Ministerio de Hacienda y Crédito Público, |
| Date of publication, distribution, etc. | [1994?] |
| 300 ## - PHYSICAL DESCRIPTION | |
| Extent | 2 volúmenes ; |
| Dimensions | 24 cm. |
| 505 ## - FORMATTED CONTENTS NOTE | |
| Miscellaneous information | v.1 / |
| Statement of responsibility | De las normas generales en materia de cambios internacionales |
| Miscellaneous information | v.2 / |
| Statement of responsibility | De las disposiciones relasionadas con los cambios internacionales |
| 650 14 - SUBJECT ADDED ENTRY--TOPICAL TERM | |
| Topical term or geographic name entry element | Reforma ley |
| Geographic subdivision | Colombia. |
| 9 (RLIN) | 14536 |
| 650 24 - SUBJECT ADDED ENTRY--TOPICAL TERM | |
| Topical term or geographic name entry element | Reforma económica |
| 9 (RLIN) | 7328 |
| 651 #0 - SUBJECT ADDED ENTRY--GEOGRAPHIC NAME | |
| Geographic name | Colombia |
| General subdivision | Economía política |
| 9 (RLIN) | 14537 |
| 710 1# - ADDED ENTRY--CORPORATE NAME | |
| Corporate name or jurisdiction name as entry element | Colombia. |
| Subordinate unit | Ministerio de Hacienda y Crédito Público. |
| 9 (RLIN) | 7620 |
| 942 ## - ADDED ENTRY ELEMENTS (KOHA) | |
| Source of classification or shelving scheme | Dewey Decimal Classification |
| Koha item type | Books |
| Withdrawn status | Lost status | Source of classification or shelving scheme | Damaged status | Not for loan | Home library | Current library | Shelving location | Date acquired | Source of acquisition | Total Checkouts | Full call number | Barcode | Date last seen | Copy number | Price effective from | Koha item type |
|---|---|---|---|---|---|---|---|---|---|---|---|---|---|---|---|---|
| Dewey Decimal Classification | Biblioteca Pública José María del Castillo y Rada | Biblioteca Pública José María del Castillo y Rada | General Stacks | Donación | 343.03 / C718r | 201810723 | 05/16/2024 | v.1 / Ej.1 | Books | |||||||
| Dewey Decimal Classification | Biblioteca Pública José María del Castillo y Rada | Biblioteca Pública José María del Castillo y Rada | General Stacks | Donación | 343.03 / C718r | 201810722 | 05/16/2024 | v.2 / Ej.1 | Books |